000 00979nam a2200241 a 4500
001 BRCA_278
005 20190320202937.0
008 300508s2004----mx-a---###---#000-0#spa-#
020 _a9685785708
050 4 _aN8080.J8
_b.O78 2004
100 1 _aOrtíz Islas, Ana
_9930
245 1 0 _aLos hospitales de la Orden de san Juan de Dios en la Nueva España
_bSiglos XVII-XVIII
_cAna Ortíz Islas.
260 _aMéxico
_bAna Ortíz Islas : Lagares
_c2004
300 _a414 p.
_bil., tablas
_c27 cm.
_e1 CD
500 _aIncluye información sobre el hospital de la Epifanía, donde actualmente se ubica el Museo Franz Mayer: p. 119-151
500 _aLa biblioteca cuenta con 2 ejemplares
504 _aBibliografía: p. 281-323
610 2 4 _aOrden de San Juan de Dios
_xEn América
_9931
610 2 4 _aMuseo Franz Mayer (Ciudad de México)
_vEdificios
_xHistoria
_9932
650 1 4 _aHospitales
_ySiglos XVII y XVIII
_zNueva España
_9933
653 0 _aOrdenes religiosas
942 _2lcc
_cB
999 _c223
_d223